000 00967na a2200301 4500
001 21947
003 MIRAKIL
005 20181213154831.0
008 170209b tu 000 0
020 _a9944600903
040 _aMilas
_btur
_cTR-AnCHP
041 _atur
082 _a641.3
_bG29t 2006
090 _a641.3 G29t 2006
100 _aGaytancıoğlu, Okan
245 _aTürkiye'de bakliyat üretimindeki sorunların çözümü ve dışa bağımlılığı azaltacak politikaların geliştirilmesi
_chazırlayanlar Okan Gaytancıoğlu...[ve öte.]
250 _a2. bs.
260 _aİstanbul
_bİstanbul Ticaret Odası
_c2006
300 _a160 s.
_btbl. ; grf.
_c23 sm.
490 _aİstanbul Ticaret Odası Yayınları
_v2006-36
504 _aKaynakça var.
650 _aBakliyat
_xÜretim
700 _aİnan, Hakkı
700 _aHurma, Harun
700 _aDemirkol, Celal
710 _aİstanbul Ticaret Odası (İTO)
942 _2dcc
_cBKS
999 _c1686
_d1686